000 00640nam a22002297a 4500
003 UA-OsUOA
001 98475
007 ta
008 20130415b un ||||| |||| 00| 0 ukr d
100 _aПолянкер Г.
090 _a821.411.16
_bП54
942 _cBK
040 _aUA-OsUOA
_brus
_cUA-OsUOA
_dUA-OsUOA
245 _aСтарый сантос и его потомки
_bроман
300 _a350 с.
955 _a3
041 _arus
080 _a821.411.16
260 _aМ.
_bСоветский писатель
_c1978
650 7 _a82 Література. Літературознавство
_2UDC
999 _c384388
_d384388